logo

Bir Sreshtho Munshi Abdur Rouf Library
Jhenaidah Cadet College

The lost art of scripture : (Record no. 13666)

MARC details
000 -LEADER
fixed length control field 00672nam a2200217 a 4500
001 - CONTROL NUMBER
JCCL Control Number 13666
003 - CONTROL NUMBER IDENTIFIER
JCCL marc code BD-JhCC
005 - DATE AND TIME OF LATEST TRANSACTION
control field 20240313193617.0
008 - FIXED-LENGTH DATA ELEMENTS--GENERAL INFORMATION
fixed length control field 240313b2019 nyu |||| ||a| 001 0 eng d
020 ## - INTERNATIONAL STANDARD BOOK NUMBER
International Standard Book Number 9781847924322
035 ## - SYSTEM CONTROL NUMBER
system control number (BD-JhCC)13666
040 ## - CATALOGING SOURCE
Original cataloging agency BD-JhCC
Modifying agency BD-JhCC
041 ## - LANGUAGE CODE
Language code of Book english
082 ## - DEWEY DECIMAL CLASSIFICATION NUMBER
Classification number 800.9
Author mark and Year ARM 2019
100 ## - MAIN ENTRY--PERSONAL NAME
Personal name Armstrong, Karen
245 ## - TITLE STATEMENT
Title The lost art of scripture :
Remainder of title Rescuing the sacred texts /
Statement of responsibility, etc Karen Armstrong.
260 ## - PUBLICATION, DISTRIBUTION, ETC. (IMPRINT)
Place of publication, distribution, etc New York:
Name of publisher, distributor, etc The Bodley Head;
Date of publication, distribution, etc 2019.
300 ## - PHYSICAL DESCRIPTION
Pagination 821 p, :
Other physical details ill;
Dimensions 22 cm
650 ## - SUBJECT ADDED ENTRY--TOPICAL TERM
Topical term or geographic name as entry element Criticism, interpretation, etc
General subdivision Livres sacrés Histoire et critique
Geographic subdivision Religion et culture
942 ## - ADDED ENTRY ELEMENTS (KOHA)
Source of classification or shelving scheme Dewey Decimal Classification
Koha item type Books
Holdings
Source of classification or shelving scheme Damaged status Not for loan Home library Current library Shelving location Date of accession Cost, normal purchase price Total Checkouts Full call number Barcode Date last seen Copy number Method of acquisition Koha item type Currency
Dewey Decimal Classification     JCC Rouf Library JCC Rouf Library General Stacks   690.00   800.9 ARM 2019 19133 03/13/2024 C-1 Purchase Books BDT

JCC Library | Contacts | JCC Home

Last Update on 23 September 2017
Copyright @ 2017-2020 JCC Rouf Library
Rouf Library, Jhenidah Cadet College (JCC), Bangladesh